| 000 | 00897nam a2200253 i 4500 | ||
|---|---|---|---|
| 001 | 175590 | ||
| 003 | ES-MaACL | ||
| 005 | 20230906215850.0 | ||
| 008 | 101110s1969 sp a |||| | spa d | ||
| 080 | _a75 Mensu (083.82) | ||
| 100 | 1 |
_aMensu. _9143880 |
|
| 245 | 1 | 0 |
_aJosé Mensuro _b: [catálogo editado con motivo de la exposición de José Mensuro "Mensu", que se celebra en Festivales de España, 1969]. |
| 260 |
_a[Madrid] : _bPublicaciones Españolas, _c[1969] |
||
| 300 |
_a[9] p. : _bil. ; _c23 cm. |
||
| 490 | 1 | _aCiclo de arte español | |
| 500 | _aEn contracub.: Ejemplar para la crítica. | ||
| 600 | 1 | 4 |
_aMensu- _vExposiciones. _9143879 |
| 655 | 7 |
_2tgfbne _9193628 _aCatálogos de exposiciones |
|
| 710 | 2 |
_aFestivales de España. _94125 |
|
| 830 | 0 |
_aCiclo de arte español _9189813 |
|
| 852 |
_aES-MaACL _j2303-F-6 |
||
| 942 | _2udc | ||
| 999 |
_c175590 _d175590 |
||